000 00514nam a2200169 i 4500
001 183804
003 ES-MaACL
005 20250317085520.0
008 141017s1832 xxk |||| | eng d
245 0 0 _aOpinions of several eminent medical men, with regard to vegetable diet, in reference to cholera.
260 _aLondon :
_bN. Archer,
_c[1832?]
300 _a32 p. ;
_c22 cm.
650 0 4 _aVegetarianismo.
_917753
852 _aES-MaACL
_jT-493-F-4
942 _2udc
999 _c183804
_d183804